00456nam a22001697a 450000500170000000800410001704000070005804100120006508200210007710000250009824500360012326000400015930000320019944000130023165000080024465000340025220241218155404.0241218b ||||| |||| 00| 0 eng d cAL aEnglish 223a348.04bEASS aEastern Book Company aSupreme Court Cases 2009: Vol 6 aLucknowbEastern Book Companyc2016 axxxii,864 p.bHBc24x16 cm. aVolume 6 aLaw aMode of Citation (2009) 6 SCC